The Lahore darbar : (Record no. 135175)

MARC details
000 -LEADER
fixed length control field 00925nam a22002537a 4500
005 - DATE AND TIME OF LATEST TRANSACTION
control field 20170124110241.0
010 ## - LIBRARY OF CONGRESS CONTROL NUMBER
LC control number 327357
020 ## - INTERNATIONAL STANDARD BOOK NUMBER
International Standard Book Number 817305293
Terms of availability 1800.00
035 ## - SYSTEM CONTROL NUMBER
System control number 327357
037 ## - SOURCE OF ACQUISITION
Source of stock number/acquisition Cen Lib/Ret
040 ## - CATALOGING SOURCE
Original cataloging agency DPL
Language of cataloging EN
082 ## - DEWEY DECIMAL CLASSIFICATION NUMBER
Classification number 954.084
Item number SET
100 ## - MAIN ENTRY--PERSONAL NAME
Personal name Sethi, R.R.
9 (RLIN) 94990
245 ## - TITLE STATEMENT
Title The Lahore darbar :
Statement of responsibility, etc by R.R. Sethi ; editde by G.L. Chopra
Remainder of title in the light of the coreespondance of Sir C.M. Wade, 1823-1840 /
260 ## - PUBLICATION, DISTRIBUTION, ETC. (IMPRINT)
Place of publication, distribution, etc Punjab
Name of publisher, distributor, etc Punjab Governement Record Office
Date of publication, distribution, etc 1947
270 ## - ADDRESS
Address Pooja apartment, 4B, Ansari road, Daryaganj
City Punjab
300 ## - PHYSICAL DESCRIPTION
Extent viii,404p.:
Dimensions 23cm(Hb)
Other physical details ill.
490 ## - SERIES STATEMENT
Series statement Monograph No 1.
500 ## - GENERAL NOTE
General note Includes index
650 ## - SUBJECT ADDED ENTRY--TOPICAL TERM
Topical term or geographic name as entry element Punjab (India) -- History -- 19th century -- Sources
9 (RLIN) 94991
650 ## - SUBJECT ADDED ENTRY--TOPICAL TERM
Topical term or geographic name as entry element British -- India -- Punjab -- History -- 19th century -- Sources
9 (RLIN) 94992
700 ## - ADDED ENTRY--PERSONAL NAME
Personal name Chopra, R.R.
9 (RLIN) 94993
942 ## - ADDED ENTRY ELEMENTS (KOHA)
Source of classification or shelving scheme Dewey Decimal Classification
Koha item type English Books
Classification part 954.084
Call number suffix SET
Holdings
Withdrawn status Lost status Damaged status Not for loan Collection code Home library Current library Date acquired Source of acquisition Cost, normal purchase price Total Checkouts Full call number Barcode Date last seen Copy number Cost, replacement price Price effective from Koha item type
      Not For Loan Reference Central Library Central Library 03/10/2015 Cen Lib/Ret 0.00   954.084 SET 327357 03/10/2015 1 0.00 15/09/2016 English Books

© Delhi Public Library
Hit Counter
free hit counter